Teoría electromagnética
Guardat en:
| Autor principal: | |
|---|---|
| Format: | Llibre |
| Idioma: | espanyol |
| Publicat: |
Ciudad de México
Interamericana
1991
|
| Matèries: | |
| Etiquetes: |
Afegir etiqueta
Sense etiquetes, Sigues el primer a etiquetar aquest registre!
|
MARC
| LEADER | 00000nam a2200000 a 4500 | ||
|---|---|---|---|
| 001 | UCY0932 | ||
| 003 | CL-VaPUC | ||
| 008 | 940818e19910000MX |||||||||||||||||spa|d | ||
| 082 | 0 | 4 | |a 530.141 |b ZAH |2 21 |
| 100 | 0 | |a Zahn, Markus |e author |9 328789 | |
| 245 | 1 | 0 | |a Teoría electromagnética |
| 300 | |a 720 p | ||
| 942 | |c BK | ||
| 945 | |d 19940818 00:00:00 |a mfernand | ||
| 260 | |a Ciudad de México |b Interamericana |c 1991 | ||
| 650 | 0 | |a Teoría electromagnética |9 260747 | |
| 650 | 7 | |a CAMPOS ELECTROMAGNETICOS |2 CL-VaPUC |9 264139 | |
| 583 | |a last modification |c 19940818 00:00:00 |k Rodrigo Vera | ||
| 999 | |c 229800 |d 229798 | ||
| 952 | |0 0 |1 0 |4 0 |6 530_141000000000000_ZAH_1991 |7 0 |8 A |9 231442 |a BIBING |b BIBING |d 2019-11-15 |i 2945282 |l 2 |o 530.141 ZAH 1991 |p 2945282 |r 2025-01-20 |s 2023-08-21 |w 2019-11-15 |y BK |k EIE | ||
| 952 | |0 0 |1 0 |4 0 |6 530_141000000000000_ZAH_1991 |7 0 |8 A |9 231443 |a BIBING |b BIBING |d 2019-11-15 |i 1715631 |o 530.141 ZAH 1991 |p 1715631 |r 2025-01-20 |w 2019-11-15 |y BK |k EIE | ||